000 00819nam a2200289 a 4500
001 60581
003 BD-RjUL
005 20211209080847.0
008 170101s1976 enka b 001 0 eng
020 _a0123568501
035 _a(BD-RjUL)60705
040 _aDLC
_cDLC
_dBD-RjUL
_beng
041 _aeng
060 _aLB1051 H843f
082 0 0 _a153.15
_223
_bHOF 1976
100 1 _aHouston, John P.
_9180436
245 1 0 _aFundamentals of learning /
_cJohn P. Houston.
260 _aNew York :
_bAcademic Press,
_cc1976.
300 _ax, 410 p. :
_bill. ;
_c24 cm.
500 _aIncludes index.
504 _aBibliography: p. 365-401.
650 0 _aLearning, Psychology of.
_9174641
650 2 _aLearning.
_9179759
650 2 _aPsychology, Educational.
_9180437
942 _2ddc
_cBK
999 _c60581
_d60581